00247nam a22000857a 4500082001400000100003100014245006300045260004400108300000900152 a297 NAD'M aNADVI, ABUL HASAN ALI SYED aMUSLIM MUMALIK MIAN ISLAMIAT AND MUGHRABIET KEY KASH MAKSH aKARACHIbMAJLESS MASHRIAT-I-ISLAMc1981 a344P